000 00536nam a2200217Ia 4500
003 OSt
005 20140315104618.0
008 140130s9999 xx 000 0 und d
020 _a9780439597739
050 _aPZ 7
_b.C321Co 2003
100 _aCarson, Mary Kay.
245 _cMary Kay Carson.
_aCool Science Jobs /
260 _bScholastic Inc.,
_cc2003.
_aUSA :
300 _a32 p. :
_bcol. ill. ;
_c23 cm.
440 _v1
521 _aG2
526 _c440
650 _aRobots
_xFiction.
942 _cBK
_2lcc
999 _c40345
_d40345